| 000 -CABECERA |
| fixed length control field |
01093nam a22002297a 4500 |
| 003 - IDENTIFICADOR DEL NÚMERO DE CONTROL |
| control field |
AR-CdUCM |
| 008 - DATOS DE LONGITUD FIJA--INFORMACIÓN GENERAL |
| fixed length control field |
190225b ||||| |||| 00| 0 spa d |
| 040 ## - FUENTE DE LA CATALOGACIÓN |
| Agencia/entidad que catalogó originalmente la obra |
MUNICIPALIDAD PROVINCIAL DEL CUSCO |
| Entidad que transcribió la catalogación |
BIBLIOTECA MUNICIPAL DEL CUSCO |
| 082 ## - NÚMERO DE LA CLASIFICACIÓN DECIMAL DEWEY |
| No. de Clasificación |
869.508 / |
| Notacion interna |
V19 |
| 100 ## - ENTRADA PRINCIPAL--NOMBRE DE PERSONA |
| Nombre Personal |
Valdivia, Juan Gualberto |
| 245 ## - MENCIÓN DE TÍTULO |
| Título |
Las revoluciones de Arequipa : |
| Resto del título |
Crónica / |
| 260 ## - PUBLICACIÓN, DISTRIBUCIÓN, ETC. |
| Lugar de publicación, distribución, etc. |
Arequipa : |
| Nombre de la editorial, distribuidor, etc. |
Instituto de Extensión Cultural de la Universidad de San Agustín, |
| Fecha de publicación, distribución, etc. |
1958. |
| 300 ## - DESCRIPCIÓN FÍSICA |
| Nº de Páginas Extensión |
192 páginas ; |
| Dimensiones |
16 cm. |
| 440 ## - MENCIÓN DE SERIE/PUNTO DE ACCESO ADICIONAL--TÍTULO |
| Título |
Ediciones Populibro. |
| Número de la parte/sección de una obra |
4 |
| 9 (RLIN) |
2119 |
| 505 ## - NOTA DE CONTENIDO CON FORMATO |
| Nota de contenido formateada |
Contenido: t.1 : Revolución hecha en Lima, por los generales Gamarra y Bermudez, contra el presidente provisorio, general Luis José Orbegoso y contra la convención nacional de enero de 1834 -- Protesta y pronunciamiento de Arequipa contra la revolución de Gamarra y Bermudez -- Revolución del general Felipe Santiago Salaverry ... |
| 650 ## - PUNTO DE ACCESO ADICIONAL DE MATERIA--TÉRMINO DE MATERIA |
| Descriptor |
Revolución |
| 9 (RLIN) |
844 |
| 650 ## - PUNTO DE ACCESO ADICIONAL DE MATERIA--TÉRMINO DE MATERIA |
| Descriptor |
Arequipa |
| 9 (RLIN) |
1703 |
| 650 ## - PUNTO DE ACCESO ADICIONAL DE MATERIA--TÉRMINO DE MATERIA |
| Descriptor |
Protesta |
| 9 (RLIN) |
2120 |
| 700 ## - PUNTO DE ACCESO ADICIONAL--NOMBRE DE PERSONA |
| Nombre Personal |
García Calderón, Francisco (prólogo) |
| 9 (RLIN) |
2121 |
| 942 ## - ELEMENTOS DE PUNTO DE ACCESO ADICIONAL (KOHA) |
| Fuente de clasificación |
|
| Tipo de item |
Libros-BMC |
| 945 ## - PROCESAMIENTO DE INFORMACIÓN LOCAL (OCLC) |
| Catalogador |
mvr |